| 000 | 00627nam a2200193Ia 4500 | ||
|---|---|---|---|
| 003 | GCL | ||
| 008 | 140319s9999 xx 000 0 ara d | ||
| 040 |
_aGCL / _cGCL |
||
| 082 | 0 | 4 |
_a914.3 _bا ا |
| 100 | 1 | _aايهاب الشريف | |
| 245 | 1 | 0 |
_aالمانيا اليوم جولة فى بلاد الفكر والفن والابداع / _cايهاب الشريف |
| 300 | _a333 ص | ||
| 490 | _a | ||
| 650 | 0 | 4 | _aالعالم - وصف ورحلات |
| 650 | 0 | 4 | _aالسياحة - المانيا |
| 650 | 0 | 4 | _aالمانيا- وصف ورحلات |
| 650 | 0 | 4 | _aالمانيا - عادات وتقاليد |
| 942 |
_2ddc _cBK |
||
| 999 |
_c52285 _d52285 |
||